000 02696nam0a2200421 4500
001 RU\NLR\BIBL_A\012852852
005 20240115231154.0
010 _a978-5-17-139098-3
_92000
021 _aRU
_bКН-П-22-031286
_9КН-П-22-2666
035 _a(NLR Aleph) 012852852
035 _a(RuMoRGB)011073604
090 _a12432944
_c12432944
100 _a20220722d2022 u y0rusy50 ca
101 0 _arus
102 _aRU
105 _aa|||z||||||a|
181 1 _ai3
_baxxe
182 1 _an
200 1 _aДетская книга для девочек
_eроман
_fГлория Му
_gпо сценарию Бориса Акунина
_gиллюстрации: О. Санжарова
203 _aТекст
_bвизуальный
_cнепосредственный
210 _aМосква
_cАСТ
_cЖанровая литература
_d2022
215 _a410, [2] с.
_cил.
_d21
311 _aНа обороте тит. с: Продолж. "Детской книги"
330 _aУ Ангелины Фандориной не было друзей. Да и зачем они, когда у тебя лучший в мире брат? Но Эраста, по-домашнему Ластика, пепереводят в математический лицей, и Геля остаётся одна-одинешенька. Ее спасают престранное знакомство и ошеломительная новость: только она, обычная московская шестиклассница, может спасти мир! Но для этого ей предстоит переместиться в прошлое, причем - чужое!. Невероятное продолжение "Детской книги", написанное Глорией Му по сценарию Бориса Акунина!
333 _a16+
333 _a18+
488 0 _12001#$aДетская книга
_1700#1$aАкунин$bБ.$f1956-$gБорис$3RU\NLR\AUTH\775367
_tДетская книга
_aАкунин, Борис (1956-)
686 0 _aШ9(2)62=Р7-4
700 1 _7ca
_8rus
_aМу
_bГ.
_gГлория
_9105840
_3RU\NLR\AUTH\77122915
702 1 _aСанжарова
_bО.
_gОксана
_4440
702 1 _4690
_7ca
_8rus
_aАкунин
_bБ.
_f1956-
_gБорис
_9115331
_3RU\NLR\AUTH\775367
942 _cBOOK
980 _aNB
980 _aIA
996 _aиноагент
_bp
_cЧхартишвили Григорий Шалвович